[Event "April Showers Open/Come join the fun!"]
[Site "SchemingMind.com"]
[Date "2005.04.12"]
[Round "-"]
[White "pschalkw"]
[Black "dadshane2000"]
[Result "0-1"]
[WhiteCountry "NED"]
[BlackCountry "USA"]
[WhiteElo "1722"]
[WhiteRD "84"]
[BlackElo "1695"]
[BlackRD "97"]
[GameID "12690"]

1. e4 e5 2. Nf3 Nc6 3. d4 exd4 4. c3 Bc5 5. Bc4 Nf6 6. O-O d6 7. cxd4 Bb6 8. Bg5 h6 9. Bxf6 Qxf6 10. e5 dxe5
11. dxe5 Qd8 12. Bd5 O-O 13. Bxc6 Qxd1 14. Rxd1 bxc6 15. Nbd2 Be6 16. a4 a5 17. Rac1 Bd5 18. Rc3 Rfd8 19. Rd3 Rd7 20. h4 Rad8
21. Nf1 Be6 22. Rxd7 Rxd7 23. Rxd7 Bxd7 24. N1d2 Be6 25. Kf1 Kf8 26. b3 Ke7 27. Nc4 Bd5 28. Nfd2 Ke6 29. f4 Kf5 30. Nxb6 cxb6
31. g3 g5 32. hxg5 hxg5 33. fxg5 Kxg5 34. Kf2 Kf5 35. Ke3 Kxe5 36. Nf3+ Bxf3 37. Kxf3 Kd4 38. g4 Kc3 39. Kf4 Kxb3 40. Kf5 c5
0-1

[Event "April Showers Open/Come join the fun!"]
[Site "SchemingMind.com"]
[Date "2005.04.12"]
[Round "-"]
[White "dadshane2000"]
[Black "pschalkw"]
[Result "0-1"]
[WhiteCountry "USA"]
[BlackCountry "NED"]
[WhiteElo "1695"]
[WhiteRD "97"]
[BlackElo "1722"]
[BlackRD "84"]
[GameID "12691"]

1. e4 d6 2. d4 Nf6 3. Nc3 Nbd7 4. Nf3 e5 5. Bg5 Be7 6. Be2 O-O 7. Qd2 c6 8. O-O h6 9. Bxf6 Nxf6 10. dxe5 dxe5
11. Qxd8 Bxd8 12. h3 Bc7 13. Nd2 Be6 14. a3 Rad8 15. Rad1 Rd7 16. Bc4 Bxc4 17. Nxc4 Rfd8 18. f3 b5 19. Ne3 Bb6 20. Rde1 Nh5
21. Kh2 Rd2 22. Ncd1 Nf4 23. b3 a5 24. a4 f6 25. Kh1 Kf7 26. Kg1 Nxg2
0-1

[Event "April Showers Open/Come join the fun!"]
[Site "SchemingMind.com"]
[Date "2005.04.12"]
[Round "-"]
[White "Brerrabbit"]
[Black "pschalkw"]
[Result "0-1"]
[WhiteCountry "SCO"]
[BlackCountry "NED"]
[WhiteElo "1283"]
[WhiteRD "69"]
[BlackElo "1767"]
[BlackRD "116"]
[GameID "12697"]

1. e4 c5 2. d4 cxd4 3. c3 d3 4. Bxd3 Nc6 5. Nf3 d6 6. Nbd2 Bg4 7. Nc4 Nf6 8. Qd2 a6 9. e5 Bxf3 10. gxf3 dxe5
11. Qe3 e6 12. O-O Nd5 13. Qg5 Qxg5+ 14. Bxg5 h6 15. Bh4 Nf4 16. Na5 Nxa5 17. Rfd1 Nxd3 18. Rxd3 Be7 19. Bg3 f6 20. b3 Rd8
21. Rxd8+ Kxd8 22. Rd1+ Kc7 23. f4 Bd6 24. f3 exf4 25. Bf2 Rd8 26. Kf1 e5 27. Kg2 b5 28. Rc1 Nb7 29. c4 Ba3 30. Rc2 b4
31. c5 Kc6 32. Kh3 Rd1 33. Kg2 Rc1 34. Rxc1 Bxc1 35. Kh3 Nxc5 36. Bxc5 Kxc5 37. a4 bxa3
0-1

[Event "April Showers Open/Come join the fun!"]
[Site "SchemingMind.com"]
[Date "2005.04.12"]
[Round "-"]
[White "Brerrabbit"]
[Black "dadshane2000"]
[Result "0-1"]
[WhiteCountry "SCO"]
[BlackCountry "USA"]
[WhiteElo "1289"]
[WhiteRD "67"]
[BlackElo "1695"]
[BlackRD "97"]
[GameID "12698"]

1. e4 Nc6 2. d4 d5 3. Nc3 dxe4 4. Bb5 a6 5. Bxc6+ bxc6 6. Nxe4 e6 7. Nf3 Be7 8. Be3 Nf6 9. Qd3 O-O 10. Qd2 Nxe4
11. Qd3 Nf6 12. h4 a5 13. c3 Ba6 14. Qc2 Qd5 15. Ne5 Qe4 16. Qxe4 Nxe4 17. Nxc6 Bd6 18. O-O-O Bb7 19. Ne5 Bxe5 20. dxe5 Rfd8
21. Rd4 Rd5 22. Rxe4 Rd3 23. Rc4 Rd7 24. Rd1 Rxd1+ 25. Kxd1 Rd8+ 26. Ke1 Bxg2 27. Rxc7 Bf3 28. Bd2 g6 29. Rc4 Rd5 30. Rf4 Rxe5+
31. Kf1 Re2 32. Be1 Bh5 33. f3 Rxb2 34. Ra4 Bxf3 35. Rxa5 Bg2+ 36. Kg1 Bd5 37. a3 Rg2+ 38. Kf1 Ra2 39. c4 Bxc4+ 40. Kg1 Bd5
41. Bc3 Rg2+ 42. Kf1 Rg4 43. Rc5 Rc4 44. Rxc4 Bxc4+ 45. Ke1 h6 46. a4 Bd5
0-1

[Event "April Showers Open/Come join the fun!"]
[Site "SchemingMind.com"]
[Date "2005.04.12"]
[Round "-"]
[White "pschalkw"]
[Black "Brerrabbit"]
[Result "1-0"]
[WhiteCountry "NED"]
[BlackCountry "SCO"]
[WhiteElo "1767"]
[WhiteRD "116"]
[BlackElo "1283"]
[BlackRD "69"]
[GameID "12699"]

1. g3 e5 2. Bg2 d5 3. Nf3 Nc6 4. d3 Nf6 5. O-O Bc5 6. Bg5 Bf5 7. Nbd2 Qd7 8. Re1 Bh3 9. Bh1 O-O-O 10. e4 h6
11. Nb3 dxe4 12. Nxc5 Qd5 13. Nxe4 hxg5 14. Nfxg5 Bg4 15. Nxf6 Qxh1+ 16. Kxh1 Bxd1 17. Raxd1 gxf6 18. Nxf7 Nd4 19. Nxd8 Nf3 20. Re3
1-0

[Event "April Showers Open/Come join the fun!"]
[Site "SchemingMind.com"]
[Date "2005.04.12"]
[Round "-"]
[White "dadshane2000"]
[Black "Brerrabbit"]
[Result "1-0"]
[WhiteCountry "USA"]
[BlackCountry "SCO"]
[WhiteElo "1642"]
[WhiteRD "119"]
[BlackElo "1283"]
[BlackRD "69"]
[GameID "12700"]

1. e4 e5 2. Nf3 Nc6 3. Bc4 Bc5 4. c3 Nf6 5. d4 Bb6 6. dxe5 Nxe4 7. Qd5 Qe7 8. Qxe4 d6 9. O-O dxe5 10. Bg5 f6
11. Be3 Rf8 12. Bxb6 f5 13. Qh4 cxb6 14. Qxe7+ Nxe7 15. Nxe5 f4 16. Nd2 Bf5 17. Ndf3 O-O-O 18. Rad1 Be4 19. Be6+ Kb8 20. Nd7+ Rxd7
21. Rxd7 Nc6 22. Rfd1 Bc2 23. R1d2 Be4 24. Rxg7 a5 25. Rg8 Rxg8 26. Bxg8 b5 27. Bd5 Bf5 28. Bxc6 bxc6 29. b4
1-0

[Event "April Showers Open/Come join the fun!"]
[Site "SchemingMind.com"]
[Date "2005.04.12"]
[Round "-"]
[White "bigfoot1"]
[Black "Brerrabbit"]
[Result "1-0"]
[WhiteCountry "FRA"]
[BlackCountry "SCO"]
[WhiteElo "1787"]
[WhiteRD "128"]
[BlackElo "1283"]
[BlackRD "69"]
[GameID "12701"]

1. e4 e5 2. Nf3 Nc6 3. Bb5 a6 4. Ba4 Bc5 5. c3 Nf6 6. Bxc6 bxc6 7. d3 d5 8. Nxe5 Ng4 9. Nxg4 Bxg4 10. Qxg4 Qf6
11. d4 Be7 12. O-O Rb8 13. exd5 Rb5 14. Qc8+ Bd8 15. Re1+ Kf8 16. c4 g6 17. Bh6+
1-0

[Event "April Showers Open/Come join the fun!"]
[Site "SchemingMind.com"]
[Date "2005.04.12"]
[Round "-"]
[White "bigfoot1"]
[Black "pschalkw"]
[Result "1-0"]
[WhiteCountry "FRA"]
[BlackCountry "NED"]
[WhiteElo "1787"]
[WhiteRD "128"]
[BlackElo "1767"]
[BlackRD "116"]
[GameID "12702"]

1. e4 c5 2. Nf3 Nf6 3. e5 Nd5 4. Nc3 Nxc3 5. dxc3 Nc6 6. Bf4 e6 7. Bc4 b6 8. O-O h6 9. Re1 Bb7 10. a3 Qc7
11. Nd2 O-O-O 12. Ne4 Na5 13. Qe2 Qc6 14. f3 g5 15. Bg3 Be7 16. Bb5 Qc7 17. b4 Nc6 18. Nd6+ Kb8 19. Nxf7 Rdf8 20. Nxh8 Rxh8
21. Qd3 h5 22. Bxc6 Qxc6 23. b5 Qc8 24. c4 h4 25. Bf2 Qg8 26. Qxd7 Rh7 27. h3 Bf6 28. Qd6+ Ka8 29. exf6
1-0

[Event "April Showers Open/Come join the fun!"]
[Site "SchemingMind.com"]
[Date "2005.04.12"]
[Round "-"]
[White "bigfoot1"]
[Black "dadshane2000"]
[Result "1-0"]
[WhiteCountry "FRA"]
[BlackCountry "USA"]
[WhiteElo "1797"]
[WhiteRD "90"]
[BlackElo "1695"]
[BlackRD "97"]
[GameID "12703"]

1. e4 e5 2. Nf3 Nc6 3. Bb5 a6 4. Ba4 d6 5. O-O Bg4 6. h3 h5 7. d3 Qf6 8. Nbd2 b5 9. Bb3 Nd4 10. c3 Nxf3+
11. Nxf3 Bxf3 12. Qxf3 Qxf3 13. gxf3 Nf6 14. f4 Be7 15. fxe5 dxe5 16. f4 Bd6 17. d4 Nxe4 18. fxe5 Be7 19. Bd5 O-O-O 20. Bxe4 Rdf8
21. b4 Kb8 22. a4 bxa4 23. Rxa4 Ka7 24. Be3
1-0

[Event "April Showers Open/Come join the fun!"]
[Site "SchemingMind.com"]
[Date "2005.04.12"]
[Round "-"]
[White "Brerrabbit"]
[Black "bigfoot1"]
[Result "0-1"]
[WhiteCountry "SCO"]
[BlackCountry "FRA"]
[WhiteElo "1283"]
[WhiteRD "69"]
[BlackElo "1787"]
[BlackRD "128"]
[GameID "12704"]

1. e4 e6 2. Nf3 d5 3. Bd3 Nf6 4. b3 dxe4 5. Bc4 exf3 6. Qxf3 Bd6 7. d4 Nc6 8. Bb2 O-O 9. Nd2 e5 10. d5 Nb4
11. O-O Nxc2 12. Rac1 Nb4 13. Ba3 Nxa2 14. Ra1 Bxa3 15. Rxa2 Bd6 16. Bd3 Bg4 17. Qe3 Nxd5 18. Qe4 Nf6 19. Qe3 c6 20. Ne4 Bh5
21. Nxf6+ Qxf6 22. Ra4 Bg6 23. Rd1 b5 24. Rg4 h6 25. b4 Rad8
0-1

[Event "April Showers Open/Come join the fun!"]
[Site "SchemingMind.com"]
[Date "2005.04.12"]
[Round "-"]
[White "pschalkw"]
[Black "bigfoot1"]
[Result "1-0"]
[WhiteCountry "NED"]
[BlackCountry "FRA"]
[WhiteElo "1767"]
[WhiteRD "116"]
[BlackElo "1787"]
[BlackRD "128"]
[GameID "12705"]

1. d4 Nf6 2. Nf3 g6 3. Nc3 Bg7 4. e4 d6 5. Bd3 O-O 6. Bg5 h6 7. Bh4 g5 8. Bg3 Nh5 9. Qd2 Nc6 10. Ne2 Nxd4
11. Nfxd4 e6 12. c3 c5 13. Nc2 b5 14. Ne3 f5 15. exf5 exf5 16. Bxd6 c4 17. Bxf8 Qxf8 18. Bxf5 Bb7 19. Be6+ Kh8 20. Ng3 Nf4
21. Bh3 Rd8 22. Qc2 Nd3+ 23. Kf1 Be5 24. Bf5 Re8 25. Bxd3 Bxg3 26. Nf5 cxd3 27. Qxd3 Be5 28. h4 Rd8 29. Qc2 Bc8 30. g4 Bb7
31. Rh3 Bf4 32. hxg5 Rd2 33. Qb3 Bxg5 34. Qxb5 Qb8 35. Qa4 Qa8 36. Kg1 Bg2 37. Re1 Bc6 38. Qa5 Rd5 39. Qc7 Bd7 40. Nxh6 Bxh6
41. Rxh6+ Kg7 42. Re7+ Kxh6 43. Qh2+ Kg6 44. Qh7+ Kg5 45. Rg7+ Kf4 46. Qh6+ Ke5 47. Re7+
1-0

[Event "April Showers Open/Come join the fun!"]
[Site "SchemingMind.com"]
[Date "2005.04.12"]
[Round "-"]
[White "dadshane2000"]
[Black "bigfoot1"]
[Result "1/2-1/2"]
[WhiteCountry "USA"]
[BlackCountry "FRA"]
[WhiteElo "1763"]
[WhiteRD "79"]
[BlackElo "1815"]
[BlackRD "81"]
[GameID "12706"]

1. e4 e6 2. d4 d5 3. e5 c5 4. c3 Nc6 5. Nf3 Qb6 6. a3 Nh6 7. Bxh6 Qxb2 8. Be3 Qxa1 9. dxc5 Qb2 10. Bd3 Bd7
11. O-O Na5 12. Nfd2 b6 13. cxb6 Bxa3 14. bxa7 Be7 15. Qg4 Bf8 16. f4 Nc6 17. Nf3 Nxa7 18. f5 Nc6 19. fxe6 Bxe6 20. Bf5 Qe2
21. Re1 Nxe5 22. Rxe2 Nxg4 23. Bd4 Kd7 24. Bd3 f6 25. Rb2 Bd6 26. Rb7+ Kc6 27. Rxg7 Bf8 28. Ra7 Rxa7 29. Bxa7 Ne5 30. Nd4+ Kb7
31. Nxe6 Nxd3 32. Bd4 Be7 33. Nd2 Kc6 34. Ng7 Rg8 35. Nf5 Bd8 36. Nf3 Nf4 37. N3h4 Rg5 38. g3 Ng6 39. Kg2 Kd7 40. Kf3 Nxh4+
41. Nxh4 Ke6 42. g4 h5 43. h3 hxg4+ 44. hxg4 Rg8 45. Nf5 Bc7 46. Be3 Rh8 47. Bd4 Rh3+ 48. Kg2 Rh2+ 49. Kf3 Ba5 50. Ke3 Rh3+
51. Kd2 Bc7 52. Ke2 Be5 53. Kf2 Rxc3 54. Bxc3 Bxc3 55. Ke3 Ke5 56. Kd3 d4 57. Ng3 Kf4 58. Ne4 Kxg4 59. Nxf6+ Kf5=
1/2-1/2

[Event "April Showers Open/Come join the fun!"]
[Site "SchemingMind.com"]
[Date "2005.04.12"]
[Round "-"]
[White "mikhailtal"]
[Black "Brerrabbit"]
[Result "1-0"]
[WhiteCountry "ENG"]
[BlackCountry "SCO"]
[WhiteElo "1650"]
[WhiteRD "92"]
[BlackElo "1289"]
[BlackRD "67"]
[GameID "12719"]

1. e4 e5 2. Nf3 Nc6 3. Bb5 a6 4. Ba4 Nf6 5. O-O Be7 6. Re1 b5 7. Bb3 d6 8. c3 O-O 9. h3 a5 10. d4 exd4
11. cxd4 Nb4 12. a3 Bb7 13. axb4 axb4 14. Rxa8 Qxa8 15. Bc2 Bxe4 16. Bxe4 Nxe4 17. Nbd2 d5 18. Nxe4 dxe4 19. Nd2 e3 20. fxe3 Bh4
21. Rf1 Re8 22. Qf3 Qxf3 23. Nxf3 Bg3 24. Rd1 g6 25. Rd3 f5 26. Bd2 f4 27. exf4 Kf7 28. Ne5+ Kf6 29. Rxg3
1-0

[Event "April Showers Open/Come join the fun!"]
[Site "SchemingMind.com"]
[Date "2005.04.12"]
[Round "-"]
[White "mikhailtal"]
[Black "bigfoot1"]
[Result "0-1"]
[WhiteCountry "ENG"]
[BlackCountry "FRA"]
[WhiteElo "1650"]
[WhiteRD "92"]
[BlackElo "1797"]
[BlackRD "90"]
[GameID "12720"]

1. e4 e6 2. d4 d5 3. Nc3 Nf6 4. e5 Nfd7 5. Nce2 c5 6. c3 Nc6 7. f4 Qb6 8. Nf3 f6 9. a3 Be7 10. h4 O-O
11. Rh3 a5 12. b3 Qc7 13. Neg1 b6 14. Be3 Ba6 15. h5 Bxf1 16. Kxf1 cxd4 17. cxd4 fxe5 18. fxe5 Rf7 19. Rg3 Raf8 20. Nh3 Ndxe5
21. dxe5 Qxe5 22. Qe1 Bh4 23. Bf2 Qxe1+ 24. Rxe1 Bxg3 25. Bxg3 Nd4 26. Ng1 Rf5 27. h6 g5 28. Bf2 Nxf3 29. gxf3 b5 30. Rxe6 R8f6
31. Rxf6 Rxf6 32. Be3 g4 33. Kf2 Kf7 34. a4 bxa4 35. bxa4 Kg6 36. Kg3 gxf3 37. Nxf3 Kf5 38. Nd2 Ke5 39. Nb3 Ke4 40. Bf4 Rxf4
41. Nxa5 Ke3 42. Nb7 Rxa4 43. Nd8 d4
0-1

[Event "April Showers Open/Come join the fun!"]
[Site "SchemingMind.com"]
[Date "2005.04.12"]
[Round "-"]
[White "mikhailtal"]
[Black "pschalkw"]
[Result "0-1"]
[WhiteCountry "ENG"]
[BlackCountry "NED"]
[WhiteElo "1634"]
[WhiteRD "104"]
[BlackElo "1767"]
[BlackRD "116"]
[GameID "12721"]

1. e4 c5 2. Nf3 Nf6 3. Nc3 Nc6 4. d4 d5 5. exd5 Nxd5 6. Nxd5 Qxd5 7. Be3 Bg4 8. Be2 O-O-O 9. c3 cxd4 10. cxd4 e6
11. O-O Bd6 12. h3 h5 13. hxg4 hxg4 14. g3 Rh3 15. Qb3 Qh5 16. Kg2 gxf3+ 17. Bxf3 Rh2+ 18. Kg1 Qxf3
0-1

[Event "April Showers Open/Come join the fun!"]
[Site "SchemingMind.com"]
[Date "2005.04.12"]
[Round "-"]
[White "mikhailtal"]
[Black "dadshane2000"]
[Result "1-0"]
[WhiteCountry "ENG"]
[BlackCountry "USA"]
[WhiteElo "1707"]
[WhiteRD "84"]
[BlackElo "1763"]
[BlackRD "79"]
[GameID "12722"]

1. e4 e5 2. Nf3 Nc6 3. Bb5 a6 4. Ba4 d6 5. c3 f5 6. exf5 Bxf5 7. O-O Bd3 8. Re1 Be7 9. Bc2 e4 10. Bxd3 exf3
11. Qxf3 Ne5 12. Qe2 Nxd3 13. Qxd3 Qd7 14. Qg3 g6 15. d4 O-O-O 16. a4 Re8 17. a5 Bf6 18. Be3 Ne7 19. Qf3 Nf5 20. Na3 Bg7
21. b4 Nxe3 22. fxe3 Rhf8 23. Qe2 Bh6 24. Qd3 Rf5 25. e4 Rf4 26. Nc4 Qb5 27. Qh3+ Kb8 28. Qxh6 Rfxe4 29. Rxe4 Rxe4 30. Nd2 Re7
31. Rf1 Qe2 32. Qf8+ Ka7 33. Qf2
1-0

[Event "April Showers Open/Come join the fun!"]
[Site "SchemingMind.com"]
[Date "2005.04.12"]
[Round "-"]
[White "Brerrabbit"]
[Black "mikhailtal"]
[Result "0-1"]
[WhiteCountry "SCO"]
[BlackCountry "ENG"]
[WhiteElo "1289"]
[WhiteRD "67"]
[BlackElo "1650"]
[BlackRD "92"]
[GameID "12723"]

1. e4 e5 2. Nf3 Nc6 3. Nc3 Nf6 4. Nxe5 Nxe5 5. d4 Ng6 6. e5 Ng8 7. Bc4 d5 8. Bxd5 c6 9. Bc4 Be6 10. d5 cxd5
11. Bb5+ Bd7 12. Qe2 Bxb5 13. Qxb5+ Qd7 14. O-O Qxb5 15. Nxb5 Kd7 16. Nd4 Bc5 17. Nf5 N8e7 18. Nxg7 Nxe5 19. Bf4 N5g6 20. Bg5 Bd4
21. Nh5 Rhe8 22. Rad1 Bb6 23. Nf6+ Kc7 24. Nxe8+ Rxe8 25. Bxe7 Nxe7 26. Rfe1 Kd7 27. b3 Bc5 28. Re5 Rd8 29. Rde1 f6 30. Re6 Rf8
31. c3 Nc6 32. b4 Bd6 33. b5 Ne5 34. f4 Kxe6 35. fxe5 Bxe5 36. Kf2 Rc8 37. g3 Rxc3 38. Re3 Rc2+ 39. Re2 Rxe2+ 40. Kxe2 Kd6
41. Kf3 Kc5
0-1

[Event "April Showers Open/Come join the fun!"]
[Site "SchemingMind.com"]
[Date "2005.04.12"]
[Round "-"]
[White "bigfoot1"]
[Black "mikhailtal"]
[Result "1-0"]
[WhiteCountry "FRA"]
[BlackCountry "ENG"]
[WhiteElo "1797"]
[WhiteRD "90"]
[BlackElo "1650"]
[BlackRD "92"]
[GameID "12724"]

1. e4 c5 2. Nf3 d6 3. d4 cxd4 4. Nxd4 Nf6 5. Nc3 a6 6. Rg1 e5 7. Nb3 Be6 8. f4 Qc7 9. f5 Bc4 10. g4 h6
11. Be3 b5 12. Bxc4 Qxc4 13. Qe2 Nxe4 14. Qxc4 bxc4 15. Nxe4 cxb3 16. axb3 Nd7 17. Nc3 Nf6 18. Ra5 d5 19. Nxd5 Nxd5 20. Rxd5 f6
21. Ke2 Be7 22. h4 Kf7 23. Ra1 Rhc8 24. c3 Rc6 25. b4 Rd8 26. Rda5 Rdd6 27. Bc5 Bd8 28. Bxd6 Bxa5 29. Bc5 Bc7 30. Ke3 g6
31. Ke4 gxf5+ 32. gxf5 Ke8 33. Rd1 h5 34. Kd5 Kd7 35. Rg1 Bd6 36. Rg7+
1-0

[Event "April Showers Open/Come join the fun!"]
[Site "SchemingMind.com"]
[Date "2005.04.12"]
[Round "-"]
[White "pschalkw"]
[Black "mikhailtal"]
[Result "1-0"]
[WhiteCountry "NED"]
[BlackCountry "ENG"]
[WhiteElo "1722"]
[WhiteRD "84"]
[BlackElo "1650"]
[BlackRD "92"]
[GameID "12725"]

1. e4 e5 2. Nf3 Nc6 3. d4 exd4 4. c3 d5 5. Bd3 dxe4 6. Bxe4 Nge7 7. O-O Bg4 8. cxd4 Qd6 9. Be3 O-O-O 10. Qa4 Kb8
11. d5 Nxd5 12. Rd1 Nb6 13. Rxd6 Nxa4 14. Rxd8+ Nxd8 15. Ne5 Be6 16. Nd3 Nb6 17. Bd4 f6 18. Nc3 Nf7 19. Re1 Bc4 20. Nf4 Nd6
21. Bxb6= axb6 22. Bf3 Nb5 23. Re8+ Ka7 24. Nxb5+ Bxb5 25. Rc8 Bc4 26. b3 Bf7 27. Rxc7 Bd6 28. Rxb7+ Ka6 29. Rxf7 Bxf4 30. Rxg7 Re8
31. g3 Re1+ 32. Kg2 Be5 33. Rxh7 Rb1 34. Bb7+ Ka5 35. Be4 Rb2 36. h4 Bd4 37. h5 Rxf2+ 38. Kh3 Rxa2= 39. Ra7+
1-0

[Event "April Showers Open/Come join the fun!"]
[Site "SchemingMind.com"]
[Date "2005.04.12"]
[Round "-"]
[White "dadshane2000"]
[Black "mikhailtal"]
[Result "1/2-1/2"]
[WhiteCountry "USA"]
[BlackCountry "ENG"]
[WhiteElo "1763"]
[WhiteRD "79"]
[BlackElo "1707"]
[BlackRD "84"]
[GameID "12726"]

1. e4 c5 2. Nf3 d6 3. d4 cxd4 4. Nxd4 Nf6 5. Nc3 a6 6. Bg5 e6 7. f4 Be7 8. Qf3 h6 9. Bh4 g5 10. fxg5 Nh7
11. Qh5 hxg5 12. Bf2 b5 13. a3 Bf6 14. Be2 Bb7 15. O-O Nd7 16. Nxe6 Qe7 17. Nc7+ Kd8 18. N3d5 Bxd5 19. Nxd5 Qe6 20. c3 Nhf8
21. Qg4 Qxg4 22. Bxg4 Be5 23. g3 Ne6 24. Bxe6 fxe6 25. Nb6 Rb8 26. Nxd7 Kxd7 27. Be3 Rh5 28. Kg2 Ke7 29. Bd4 Bh8 30. Bg1 Rc8
31. Rad1 g4 32. Bd4 Be5 33. Bxe5 Rxe5 34. Rf4 Rg5 35. Rdf1 Rg7 36. R1f2=
1/2-1/2

[Event "April Showers Open/Come join the fun!"]
[Site "SchemingMind.com"]
[Date "2005.04.13"]
[Round "-"]
[White "AaronB"]
[Black "Brerrabbit"]
[Result "1/2-1/2"]
[WhiteCountry "USA"]
[BlackCountry "SCO"]
[WhiteElo "1527"]
[WhiteRD "63"]
[BlackElo "1289"]
[BlackRD "67"]
[GameID "12728"]

1. e4 e5 2. Bc4 Nf6 3. d3 c6 4. Nf3 Be7 5. O-O d6 6. Ng5 Be6 7. Nxe6 fxe6 8. Bxe6 Nbd7 9. Be3 Nc5 10. Bxc5 dxc5
11. c4 Qd6 12. Bf5 g6 13. Bh3 Nd7 14. Bxd7+ Qxd7 15. Qe2 O-O-O 16. Rd1 Rhf8 17. Nc3 h5 18. b3 Bh4 19. f3 Qd4+ 20. Kh1 Qxc3
21. g3 Bg5 22. h4 Bh6 23. Rab1 g5 24. hxg5 Bxg5 25. Rb2 Qd4 26. Kg2 h4 27. g4 Bf4 28. Kh3 b6 29. Rc2 a5 30. a4 Kb7
31. Qf1 Rg8 32. Qe2 Ka6 33. Qf1 Rg5 34. Qe2 b5 35. Qf2 bxa4 36. Qxd4 cxd4 37. bxa4 Rgg8 38. Rb2 Rb8 39. Rdb1 Rxb2 40. Rxb2 Ka7
41. Rb3 Rf8 42. Rb1 Bg5 43. Rf1 Kb6 44. Rb1+ Kc5 45. Kg2 Rh8 46. Kh3 Bf4 47. Rb7 Rg8 48. Rb2 Bg3=
1/2-1/2

[Event "April Showers Open/Come join the fun!"]
[Site "SchemingMind.com"]
[Date "2005.04.13"]
[Round "-"]
[White "AaronB"]
[Black "mikhailtal"]
[Result "0-1"]
[WhiteCountry "USA"]
[BlackCountry "ENG"]
[WhiteElo "1527"]
[WhiteRD "63"]
[BlackElo "1650"]
[BlackRD "92"]
[GameID "12729"]

1. e4 e5 2. Bc4 Nc6 3. Qh5 g6 4. Qf3 Nf6 5. g4 Nd4 6. Qd1 Nxe4 7. d3 Nf6 8. c3 Nc6 9. Qf3 Bg7 10. g5 e4
11. dxe4 Ne5 12. Qe2 Nh5 13. f4 Nxc4 14. Qxc4 d6 15. Be3 Be6 16. Qb5+ Bd7 17. Qxb7 Rb8 18. Qxa7 Rxb2 19. Bd2 O-O 20. Na3 Re8
21. Qe3 Bf5 22. exf5 Rxe3+ 23. Bxe3 Qe7 24. Nc4 Bxc3+ 25. Kf1 Rb4 26. Rd1 Rxc4 27. Rd3 Qe4 28. Nf3 Qxd3+ 29. Kf2 Qc2+ 30. Kg1 Rb4
31. Bf2 Rb1+ 32. Ne1 Nxf4 33. fxg6 Rxe1+ 34. Bxe1 Qg2#
0-1

[Event "April Showers Open/Come join the fun!"]
[Site "SchemingMind.com"]
[Date "2005.04.13"]
[Round "-"]
[White "AaronB"]
[Black "bigfoot1"]
[Result "0-1"]
[WhiteCountry "USA"]
[BlackCountry "FRA"]
[WhiteElo "1582"]
[WhiteRD "69"]
[BlackElo "1787"]
[BlackRD "128"]
[GameID "12730"]

1. e4 e6 2. d4 d5 3. Nc3 Nf6 4. e5 Nfd7 5. Nce2 c5 6. Nf3 Be7 7. g3 Nc6 8. Bg2 O-O 9. O-O f6 10. exf6 Nxf6
11. dxc5 Bxc5 12. Bg5 h6 13. Bh4 e5 14. Bxf6 Rxf6 15. a3 Bg4 16. Nd2 Nd4 17. f3 Nxf3+ 18. Kh1 e4 19. Bxf3 exf3 20. Nf4 Be3
21. h3 Bxf4 22. hxg4 Bxg3 23. Rxf3 Rxf3 24. Nxf3 Rc8 25. Nd4 Qh4+ 26. Kg2 Qh2+
0-1

[Event "April Showers Open/Come join the fun!"]
[Site "SchemingMind.com"]
[Date "2005.04.13"]
[Round "-"]
[White "AaronB"]
[Black "pschalkw"]
[Result "1-0"]
[WhiteCountry "USA"]
[BlackCountry "NED"]
[WhiteElo "1582"]
[WhiteRD "69"]
[BlackElo "1767"]
[BlackRD "116"]
[GameID "12731"]

1. e4 c5 2. Nc3 e6 3. Nge2 Nc6 4. g3 d5 5. exd5 exd5 6. Bg2 Nf6 7. O-O d4 8. Ne4 Nxe4 9. Bxe4 Bh3 10. Re1 Bd6
11. d3 Qc7 12. Bxc6+ Qxc6 13. Nxd4+
1-0

[Event "April Showers Open/Come join the fun!"]
[Site "SchemingMind.com"]
[Date "2005.04.13"]
[Round "-"]
[White "AaronB"]
[Black "dadshane2000"]
[Result "0-1"]
[WhiteCountry "USA"]
[BlackCountry "USA"]
[WhiteElo "1527"]
[WhiteRD "63"]
[BlackElo "1695"]
[BlackRD "97"]
[GameID "12732"]

1. d4 Nf6 2. c4 c5 3. d5 b5 4. cxb5 a6 5. bxa6 Bxa6 6. Nc3 d6 7. e4 Bxf1 8. Kxf1 g6 9. Nf3 Bg7 10. g3 O-O
11. Kg2 Nbd7 12. h3 Qb6 13. Re1 Rfb8 14. a4 Qa6 15. Nb5 Rxb5 16. b3 Rb4 17. e5 Nxe5 18. Nxe5 dxe5 19. Ba3 Rd4 20. Qc2 Rxd5
21. Bxc5 Qc6 22. Rac1 Rxc5+
0-1

[Event "April Showers Open/Come join the fun!"]
[Site "SchemingMind.com"]
[Date "2005.04.12"]
[Round "-"]
[White "Brerrabbit"]
[Black "AaronB"]
[Result "0-1"]
[WhiteCountry "SCO"]
[BlackCountry "USA"]
[WhiteElo "1283"]
[WhiteRD "69"]
[BlackElo "1582"]
[BlackRD "69"]
[GameID "12733"]

1. e4 e5 2. Nf3 Nf6 3. Bc4 Nxe4 4. Bxf7+ Kxf7 5. Nxe5+ Ke8 6. d3 Nf6 7. Qe2 Qe7 8. Bg5 d6 9. Bxf6 gxf6 10. Qh5+ Kd8
11. O-O fxe5 12. Nc3 Be6 13. Rad1 Bf7 14. Qf3 Nc6 15. Rfe1 Rb8 16. Ne4 Nd4 17. Qe3 b6 18. c3 Nc2 19. Qe2 Nxe1 20. Rxe1 Kd7
21. d4 Bg7 22. d5 Bxd5 23. Qb5+ c6 24. Qd3 Bxe4 25. Qxe4 Rbf8 26. b4 Rf4 27. Qe2 Rhf8 28. f3 R8f6 29. Qa6 Kd8 30. Qd3 h5
31. g3 Rxf3 32. Rf1 Rxd3
0-1

[Event "April Showers Open/Come join the fun!"]
[Site "SchemingMind.com"]
[Date "2005.04.13"]
[Round "-"]
[White "mikhailtal"]
[Black "AaronB"]
[Result "1-0"]
[WhiteCountry "ENG"]
[BlackCountry "USA"]
[WhiteElo "1707"]
[WhiteRD "84"]
[BlackElo "1572"]
[BlackRD "61"]
[GameID "12734"]

1. e4 c5 2. Nf3 d6 3. d4 cxd4 4. Nxd4 Nf6 5. Nc3 g6 6. Be3 Bg7 7. f3 O-O 8. Qd2 Nc6 9. Bc4 e5 10. Nde2 Re8
11. O-O-O Na5 12. Bb3 Nxb3+ 13. axb3 Bf8 14. Bg5 Be7 15. h4 a6 16. g4 Kh8 17. h5 Ng8 18. Bxe7 Rxe7 19. hxg6 fxg6 20. Qxd6 Qxd6
21. Rxd6 Bd7 22. Rxg6 Bb5 23. Ng3 Rg7 24. Re6 Re7 25. Rhh6 Rxe6 26. Rxe6 Rf8 27. Nf5 Bd7 28. Rxe5 Bxf5 29. Rxf5 Rd8 30. Rf7 b5
31. Nd5 Rc8 32. Ne7 Nxe7 33. Rxe7 Rf8 34. Ra7 Rxf3 35. Rxa6 Rg3 36. e5 Rxg4 37. Rb6 Rb4 38. Kd2 Rd4+ 39. Kc3 Rd5 40. e6 Re5
41. e7 Rxe7 42. Rxb5 Rc7+ 43. Kd3 Rd7+ 44. Kc4 Rc7+ 45. Rc5 Rf7 46. b4 Rf2 47. Kb5 Kg7 48. Ka6 Rf6+ 49. Ka5 Kg6 50. b5 h5
51. b6 Rf8 52. b7 Rb8 53. Ka6 h4 54. Rc3 Kg5 55. Ka7 Kg4 56. Kxb8 h3 57. Rxh3
1-0

[Event "April Showers Open/Come join the fun!"]
[Site "SchemingMind.com"]
[Date "2005.04.12"]
[Round "-"]
[White "pschalkw"]
[Black "AaronB"]
[Result "1-0"]
[WhiteCountry "NED"]
[BlackCountry "USA"]
[WhiteElo "1767"]
[WhiteRD "116"]
[BlackElo "1582"]
[BlackRD "69"]
[GameID "12736"]

1. e4 d5 2. exd5 Qxd5 3. Nc3 Qa5 4. Be2 e5 5. Bf3 Bc5 6. Nge2 Nf6 7. O-O O-O 8. d3 h6 9. Bd2 Qb6 10. Be1 Nc6
11. Na4 Qb5 12. c4 Bxf2+ 13. Bxf2 Qb4 14. a3 Qd6 15. Bc5 Qd7 16. Bxf8 Kxf8 17. Nc5 Qe8 18. Qa4 Nd4 19. Nxd4 exd4 20. Qxe8+ Kxe8
21. b4 Rb8 22. Rae1+ Kf8 23. Bd1 b6 24. Nb3 Bg4 25. Bxg4 Nxg4 26. Nxd4 Rd8 27. Ne6+ Ke8 28. Nxd8+ Kxd8 29. Rxf7 g5 30. h3 h5
31. hxg4 hxg4 32. Ree7 g3 33. Rxc7 g4 34. Rxa7 Ke8 35. Rfb7 Kd8 36. Rb8#
1-0